=LDR 00000nam 2200000 4500 =001 INLIS000000000009990 =005 20130612101733 =008 ***********************************Ind** =035 ##$$0010-061300000009990 =041 ##$$a Ind =082 ##$$a F Rom D =090 ##$$a F Rom D, Gib s =100 ##$$a Gibran, Kahlil =245 ##$$a Sang pengembara, Kahlil Gibran =260 ##$$a 2003 $b Yogyakarta =300 ##$$a 120 hlm, 20 cm =650 ##$$a Fiksi Dewasa-Terjemahan =850 ##$$a NBPNMAT